000 00459nam a2200205Ia 4500
001 13308
003 GE_BSU
008 181216s||||||||xx |||||||||||||| ||und||
040 _cGE_BSU
080 _a821.111-32
100 _aHuxley,Aldous.
245 _aAfter many a summer.
245 2 _bA novel.
260 _aLondon.
260 _bChatto and Windus.
260 _c1942
300 _a314p;20cm.
653 _aAfter many a summer.A novel.
942 _cBK
999 _c46470
_d46470